[Event "Titled Tuesday intern op 02nd Apr Early"]
[Site "Chess.com INT"]
[Date "2024.04.02"]
[Round "2"]
[White "Murthy, Pappu LN"]
[Black "Yavorovsky, Valeriy"]
[Result "0-1"]
[WhiteElo "1893"]
[BlackElo "2318"]
[PlyCount "100"]
[EventDate "2024.04.02"]
[EventType "swiss (blitz)"]
[EventRounds "11"]
[EventCountry "USA"]
[SourceTitle "CB15_2024"]
[SourceDate "2024.04.10"]
[SourceVersion "1"]
[SourceVersionDate "2024.04.10"]
[SourceQuality "1"]

1. e4 e5 2. Nf3 Nc6 3. Nc3 Nf6 4. Nxe5 Nxe5 5. d4 d6 6. dxe5 dxe5 7. Qxd8+ Kxd8 8. Bg5 Be7 9. 0-0-0+ Bd7 10. Bc4 Rf8 11. f3 c6 12. Rhe1 Kc7 13. Kb1 Rad8 14. Rd2 h6 15. Be3 b5 16. Bb3 a6 17. Red1 Bb4 18. Rd3 Nh5 19. Ne2 Be7 20. g3 Nf6 21. c4 Be6 22. cxb5 axb5 23. Rxd8 Rxd8 24. Rxd8 Bxd8 25. Bxe6 fxe6 26. Kc2 Be7 27. Kc3 c5 28. b3 Kc6 29. a4 b4+ 30. Kc4 Ne8 31. Kd3 Nd6 32. Nc1 Nb7 33. Kc4 Na5+ 34. Kd3 Bd6 35. Kc2 c4 36. bxc4 Nxc4 37. Bf2 Na5 38. Nb3 Nc4 39. h3 h5 40. h4 g6 41. g4 Be7 42. a5 Kb5 43. Kd3 Nxa5 44. Nxa5 Kxa5 45. Kc4 Ka4 46. Bg3 b3 47. Bxe5 Bxh4 48. gxh5 gxh5 49. Bb2 Be7 50. Be5 h4 0-1

[Event "BL2-West 2223"]
[Site "Germany"]
[Date "2023.03.18"]
[Round "9.7"]
[White "Albrecht, Oliver"]
[Black "Yavorovsky, Valeriy"]
[Result "1/2-1/2"]
[WhiteElo "2174"]
[BlackElo "2347"]
[PlyCount "70"]
[EventDate "2022.10.22"]
[EventType "team-tourn"]
[EventRounds "10"]
[EventCountry "GER"]
[SourceTitle "EXT 2024"]
[Source "ChessBase"]
[SourceDate "2023.10.10"]
[SourceVersion "1"]
[SourceVersionDate "2023.10.10"]
[SourceQuality "1"]
[WhiteTeam "Siegburg"]
[BlackTeam "Oberursel"]
[WhiteTeamCountry "GER"]
[BlackTeamCountry "GER"]

1. Nf3 d5 2. d4 Nf6 3. c4 e6 4. g3 Be7 5. Bg2 0-0 6. 0-0 c6 7. Qc2 b6 8. Nbd2 Bb7 9. e4 Nbd7 10. e5 Ne8 11. cxd5 cxd5 12. Re1 Rc8 13. Qa4 a6 14. Nf1 Nb8 15. h4 Nc6 16. Bg5 h6 17. Bxe7 Qxe7 18. Ne3 Nc7 19. Qd1 a5 20. Rc1 Nb8 21. Qd2 Ba6 22. Rc2 Na8 23. Rec1 Qd7 24. Ng4 Qe7 25. Bh3 Rfd8 26. Rxc8 Rxc8 27. Rxc8+ Bxc8 28. Bf1 Ba6 29. Bxa6 Nxa6 30. Nxh6+ gxh6 31. Qxh6 Qf8 32. Qg5+ Qg7 33. Qd8+ Qf8 34. Qg5+ Qg7 35. Qd8+ Qf8 1/2-1/2

[Event "BL2-West 2223"]
[Site "Germany"]
[Date "2023.02.26"]
[Round "8.6"]
[White "Yavorovsky, Valeriy"]
[Black "Jogstad, Martin"]
[Result "1/2-1/2"]
[WhiteElo "2342"]
[BlackElo "2386"]
[PlyCount "107"]
[EventDate "2022.10.22"]
[EventType "team-tourn"]
[EventRounds "10"]
[EventCountry "GER"]
[SourceTitle "EXT 2024"]
[Source "ChessBase"]
[SourceDate "2023.10.10"]
[SourceVersion "1"]
[SourceVersionDate "2023.10.10"]
[SourceQuality "1"]
[WhiteTeam "Oberursel"]
[BlackTeam "Duesseldorf"]
[WhiteTeamCountry "GER"]
[BlackTeamCountry "GER"]

1. d4 d5 2. Nf3 e6 3. c4 a6 4. e3 Nf6 5. Nc3 dxc4 6. Bxc4 b5 7. Bb3 Bb7 8. 0-0 c5 9. Qe2 Be7 10. Rd1 0-0 11. e4 cxd4 12. Nxd4 Qc7 13. e5 Nfd7 14. Bf4 Nc5 15. Bc2 Nc6 16. Rac1 Rfd8 17. Nf3 Rxd1+ 18. Rxd1 Rd8 19. a3 b4 20. axb4 Nxb4 21. Bb1 Qc6 22. Rxd8+ Bxd8 23. Qc4 a5 24. Be3 Be7 25. Ne1 Ba6 26. Qd4 Qd7 27. Qxd7 Nxd7 28. f4 Nc5 29. Ne4 Ncd3 30. Nxd3 Bxd3 31. Bxd3 Nxd3 32. b3 Kf8 33. Kf1 Ke8 34. Ke2 Nb4 35. Bb6 Nd5 36. Bxa5 Nxf4+ 37. Kf3 Nd3 38. Bc3 Bb4 39. Bxb4 Nxb4 40. Nd6+ Ke7 41. Ke4 f5+ 42. exf6+ gxf6 43. Nc4 Kd7 44. g4 h6 45. h4 Kc6 46. Ne3 Na6 47. Kd4 Nc7 48. Kc4 Nb5 49. Nc2 Nd6+ 50. Kd4 Nb5+ 51. Kc4 Nd6+ 52. Kd4 Nb5+ 53. Kc4 Nd6+ 54. Kd4 1/2-1/2

[Event "Titled Tuesday intern op 18th Jan"]
[Site "Chess.com INT"]
[Date "2022.01.18"]
[Round "5"]
[White "Necula, Iulian"]
[Black "Yavorovsky, Valeriy"]
[Result "1-0"]
[WhiteElo "1890"]
[BlackElo "2333"]
[PlyCount "79"]
[EventDate "2022.01.18"]
[EventType "swiss (blitz)"]
[EventRounds "11"]
[EventCountry "USA"]
[SourceTitle "CBM 206 Extra"]
[Source "ChessBase"]
[SourceDate "2022.03.31"]
[SourceVersion "1"]
[SourceVersionDate "2022.03.31"]
[SourceQuality "1"]

1. Nf3 Nf6 2. g3 d5 3. Bg2 e6 4. 0-0 Be7 5. c4 0-0 6. d4 Nbd7 7. Qc2 c6 8. Rd1 b6 9. b3 Bb7 10. Nbd2 Rc8 11. e4 c5 12. exd5 exd5 13. dxc5 Bxc5 14. Qf5 g6 15. Qg5 Ne4 16. Qxd8 Rcxd8 17. Nxe4 dxe4 18. Ng5 Rfe8 19. Bb2 f5 20. a3 a5 21. b4 axb4 22. axb4 Bxb4 23. Ra7 Bc6 24. Rc7 Nb8 25. Nf7 Rxd1+ 26. Bf1 Bd7 27. Ne5 Rd8 28. c5 Bxc5 29. Kg2 Kf8 30. Bc4 Ke7 31. Bc3 Rc1 32. Nxd7 Rxd7 33. Rxd7+ Nxd7 34. Bg8 Rc2 35. Bxh7 Rxf2+ 36. Kh3 Rc2 37. Bxg6 Rxc3 38. Bxf5 Ne5 39. Bxe4 Kf6 40. Kh4 1-0

[Event "Titled Tuesday intern op 18th May"]
[Site "Chess.com INT"]
[Date "2021.05.18"]
[Round "2"]
[White "Sonis, Francesco"]
[Black "Yavorovsky, Valeriy"]
[Result "1-0"]
[WhiteElo "2491"]
[BlackElo "2333"]
[PlyCount "71"]
[EventDate "2021.05.18"]
[EventType "swiss (blitz)"]
[EventRounds "11"]
[EventCountry "USA"]
[SourceTitle "CBM 202 Extra"]
[Source "ChessBase"]
[SourceDate "2021.07.31"]
[SourceVersion "1"]
[SourceVersionDate "2021.07.31"]
[SourceQuality "1"]

1. d4 d5 2. c4 e6 3. Nc3 Be7 4. Nf3 Nf6 5. Bf4 0-0 6. a3 b6 7. Qc2 Bb7 8. Rd1 c5 9. cxd5 exd5 10. e3 Nc6 11. h4 cxd4 12. Nxd4 Nxd4 13. Rxd4 Bc5 14. Rd2 Re8 15. b4 Bd6 16. Bxd6 Qxd6 17. Nb5 Qe7 18. Qc7 Ne4 19. Qxe7 Rxe7 20. Rc2 a6 21. Nd4 Rc8 22. Rxc8+ Bxc8 23. Bd3 Rc7 24. Ke2 Bb7 25. Bxe4 dxe4 26. Kd2 Kf8 27. Rc1 Rxc1 28. Kxc1 g6 29. Kd2 Ke7 30. Kc3 Bd5 31. Ne2 f6 32. Kd4 Kd6 33. Nc3 Bb7 34. Nxe4+ Ke6 35. f3 h6 36. Nd2 1-0

[Event "Titled Tuesday intern op 18th May"]
[Site "Chess.com INT"]
[Date "2021.05.18"]
[Round "3"]
[White "Yavorovsky, Valeriy"]
[Black "Kaiyrbekov, Rustam"]
[Result "1-0"]
[WhiteElo "2333"]
[BlackElo "2338"]
[PlyCount "105"]
[EventDate "2021.05.18"]
[EventType "swiss (blitz)"]
[EventRounds "11"]
[EventCountry "USA"]
[SourceTitle "CBM 202 Extra"]
[Source "ChessBase"]
[SourceDate "2021.07.31"]
[SourceVersion "1"]
[SourceVersionDate "2021.07.31"]
[SourceQuality "1"]

1. d4 Nf6 2. c4 e5 3. dxe5 Ng4 4. Bf4 Nc6 5. Nf3 Bb4+ 6. Nc3 Qe7 7. Qd5 Bxc3+ 8. bxc3 d6 9. exd6 cxd6 10. Qxd6 Qxd6 11. Bxd6 Bf5 12. e3 0-0-0 13. Bg3 f6 14. Nd4 Bg6 15. Be2 Nge5 16. Nxc6 Nxc6 17. Rd1 Bc2 18. Rd2 Be4 19. f3 Rxd2 20. Kxd2 Rd8+ 21. Kc1 Bg6 22. Rd1 Re8 23. Bf2 f5 24. Rd5 Kc7 25. Kd2 a5 26. Bg3+ Kb6 27. Bd3 Re7 28. Bxf5 Bf7 29. Rb5+ Ka6 30. Bd3 Rd7 31. Kc2 g6 32. Bf2 b6 33. e4 Rb7 34. c5 Ne5 35. Rxb6+ Ka7 36. Rxb7+ Kxb7 37. a3 Nxd3 38. Kxd3 Kc6 39. Kd4 a4 40. Ke5 Bc4 41. f4 Bd3 42. g4 Bc4 43. f5 gxf5 44. exf5 Bf7 45. h4 h5 46. g5 Bd5 47. g6 Bc4 48. f6 Kd7 49. f7 Ke7 50. c6 Ba6 51. c7 Kf8 52. Kf6 Bc4 53. g7# 1-0

[Event "Titled Tuesday intern op 27th Apr"]
[Site "Chess.com INT"]
[Date "2021.04.27"]
[Round "5"]
[White "Suvorov, Luca"]
[Black "Yavorovsky, Valeriy"]
[Result "1-0"]
[WhiteElo "2279"]
[BlackElo "2333"]
[PlyCount "73"]
[EventDate "2021.04.27"]
[EventType "swiss (blitz)"]
[EventRounds "11"]
[EventCountry "USA"]
[SourceTitle "CBM 202 Extra"]
[Source "ChessBase"]
[SourceDate "2021.07.31"]
[SourceVersion "1"]
[SourceVersionDate "2021.07.31"]
[SourceQuality "1"]

1. d4 d5 2. c4 e6 3. Nc3 Be7 4. cxd5 exd5 5. Bf4 c6 6. Nf3 Bf5 7. e3 Nd7 8. Bd3 Bxd3 9. Qxd3 Ngf6 10. 0-0 0-0 11. Rab1 a5 12. a3 Re8 13. b4 axb4 14. axb4 Bf8 15. h3 b5 16. Rfe1 Ne4 17. Nd2 Ndf6 18. f3 Nd6 19. e4 Nc4 20. Nxc4 dxc4 21. Qd2 h6 22. Red1 Ra3 23. d5 cxd5 24. e5 Nh5 25. Bh2 d4 26. Nxb5 Rd3 27. Qa2 Qg5 28. Qxc4 Nf4 29. Bxf4 Rxd1+ 30. Rxd1 Qxf4 31. Qxd4 Qxe5 32. Nd6 Bxd6 33. Qxd6 Qe3+ 34. Kh1 Re6 35. Qc5 Qb3 36. Rc1 g6 37. b5 1-0

[Event "Titled Tuesday intern op 9th June"]
[Site "Chess.com INT"]
[Date "2020.06.09"]
[Round "1"]
[White "Yavorovsky, Valeriy"]
[Black "Papp, Levente"]
[Result "0-1"]
[WhiteElo "2333"]
[BlackElo "2361"]
[PlyCount "110"]
[EventDate "2020.06.09"]
[EventType "swiss (blitz)"]
[EventRounds "10"]
[EventCountry "USA"]
[SourceTitle "CBM 196 Extra"]
[Source "ChessBase"]
[SourceDate "2020.07.31"]
[SourceVersion "1"]
[SourceVersionDate "2020.07.31"]
[SourceQuality "1"]

1. d4 Nf6 2. c4 g6 3. Nc3 d5 4. Nf3 Bg7 5. Bg5 c6 6. e3 0-0 7. Bd3 h6 8. Bh4 Bg4 9. h3 Bxf3 10. Qxf3 dxc4 11. Bxc4 Nbd7 12. 0-0 e5 13. Rad1 Qc7 14. Bg3 Qa5 15. d5 Rac8 16. d6 Qb4 17. Bb3 Rfe8 18. Rd2 Rcd8 19. Rfd1 Nc5 20. Bc2 Qxb2 21. e4 Qa3 22. Bh4 g5 23. Bg3 Nfd7 24. Rd3 Nxd3 25. Rxd3 Qb4 26. Bb3 Nf6 27. Qd1 Rd7 28. a3 Qxa3 29. Nb5 Qc5 30. Nc7 Red8 31. Ne6 fxe6 32. Bxe6+ Kh7 33. Bxd7 Rxd7 34. Qf3 Rxd6 35. Qf5+ Kh8 36. Rxd6 Qxd6 37. Bxe5 Qe7 38. Qc8+ Ne8 39. Bxg7+ Kxg7 40. Qf5 Nd6 41. Qc5 Qe6 42. e5 Nb5 43. g3 b6 44. Qe3 c5 45. Qe4 Nd4 46. Qb7+ Kg6 47. Qe4+ Qf5 48. Qe3 Qxe5 49. Qd3+ Qf5 50. Qa6 Qb1+ 51. Kg2 Qe4+ 52. Kg1 Nf3+ 53. Kf1 Nd2+ 54. Kg1 Qe1+ 55. Kh2 Qxf2+ 0-1

[Event "Titled Tuesday intern op 12th May"]
[Site "Chess.com INT"]
[Date "2020.05.12"]
[Round "2"]
[White "Kavyev, Ruslan"]
[Black "Yavorovsky, Valeriy"]
[Result "1-0"]
[WhiteElo "2327"]
[BlackElo "2333"]
[PlyCount "87"]
[EventDate "2020.05.12"]
[EventType "swiss (blitz)"]
[EventRounds "10"]
[EventCountry "USA"]
[SourceTitle "CBM 196 Extra"]
[Source "ChessBase"]
[SourceDate "2020.07.31"]
[SourceVersion "1"]
[SourceVersionDate "2020.07.31"]
[SourceQuality "1"]

1. d4 d5 2. c4 e6 3. Nf3 Nf6 4. g3 Be7 5. Bg2 0-0 6. Nc3 c6 7. 0-0 Nbd7 8. Qc2 b6 9. e4 Bb7 10. Rd1 Rc8 11. b3 Qc7 12. Bb2 dxc4 13. bxc4 c5 14. d5 exd5 15. cxd5 a6 16. a4 c4 17. Qe2 Ng4 18. Nd4 Nge5 19. Nf5 Bc5 20. d6 Qd8 21. Ne7+ Kh8 22. Nxc8 Qxc8 23. Nd5 Nd3 24. Bc3 Bxd5 25. exd5 Bxd6 26. Bd4 N7c5 27. Rab1 Qc7 28. Qg4 f6 29. h4 Rb8 30. h5 b5 31. h6 Nxa4 32. Be4 Nac5 33. Qf5 Nxe4 34. Qxe4 Be5 35. hxg7+ Kxg7 36. Be3 Qd6 37. Kg2 Qd7 38. Rh1 f5 39. Qh4 Kh8 40. f3 Rg8 41. Bg5 Qf7 42. d6 Bxd6 43. Bf6+ Rg7 44. Qxh7# 1-0

[Event "Titled Tuesday intern op 12th May"]
[Site "Chess.com INT"]
[Date "2020.05.12"]
[Round "10"]
[White "Loiacono, Antonio"]
[Black "Yavorovsky, Valeriy"]
[Result "0-1"]
[WhiteElo "2313"]
[BlackElo "2333"]
[PlyCount "64"]
[EventDate "2020.05.12"]
[EventType "swiss (blitz)"]
[EventRounds "10"]
[EventCountry "USA"]
[SourceTitle "EXT 2021"]
[Source "ChessBase"]
[SourceDate "2020.10.23"]
[SourceVersion "1"]
[SourceVersionDate "2020.10.23"]
[SourceQuality "1"]

1. e4 e6 2. d4 d5 3. Nc3 Nf6 4. e5 Nfd7 5. f4 c5 6. Nf3 Nc6 7. Be3 cxd4 8. Nxd4 Bc5 9. Qd2 0-0 10. 0-0-0 a6 11. Qf2 Bxd4 12. Bxd4 b5 13. Be3 b4 14. Ne2 a5 15. Nd4 Qc7 16. Kb1 Ba6 17. Bd3 a4 18. h4 Rfc8 19. h5 b3 20. cxb3 Nxd4 21. Bxd4 axb3 22. axb3 Qa5 23. Bc3 Qa2+ 24. Kc2 Rxc3+ 25. Kxc3 Rc8+ 26. Kd4 Qxb3 27. Ke3 Nc5 28. Qe2 d4+ 29. Kxd4 Rd8+ 30. Ke3 Bxd3 31. Qd2 Bc2+ 32. Qc3 Rxd1 0-1

[Event "Titled Tuesday intern op 12th May"]
[Site "Chess.com INT"]
[Date "2020.05.12"]
[Round "6"]
[White "Necula, Iulian"]
[Black "Yavorovsky, Valeriy"]
[Result "0-1"]
[WhiteElo "2244"]
[BlackElo "2333"]
[PlyCount "84"]
[EventDate "2020.05.12"]
[EventType "swiss (blitz)"]
[EventRounds "10"]
[EventCountry "USA"]
[SourceTitle "EXT 2021"]
[Source "ChessBase"]
[SourceDate "2020.10.23"]
[SourceVersion "1"]
[SourceVersionDate "2020.10.23"]
[SourceQuality "1"]

1. f4 d5 2. Nf3 Nf6 3. g3 e6 4. Bg2 c5 5. 0-0 Nc6 6. d3 Be7 7. c3 d4 8. Qe1 0-0 9. Na3 Nd5 10. Nc2 Bf6 11. c4 Ndb4 12. Nxb4 Nxb4 13. Qd1 Nc6 14. a3 a5 15. b3 e5 16. Bb2 exf4 17. gxf4 Re8 18. Rb1 Qd6 19. Ng5 Bxg5 20. fxg5 Qe5 21. Bc1 Qxe2 22. Qxe2 Rxe2 23. Bd5 Be6 24. Bf4 Rd8 25. Bxe6 fxe6 26. Rbe1 Rxe1 27. Rxe1 Kf7 28. Bc7 Rd7 29. Bb6 e5 30. Bxc5 Kg6 31. h4 Kf5 32. Re4 Nd8 33. Bb6 Ne6 34. Bxa5 Nc5 35. Re1 Nxd3 36. Rf1+ Kg4 37. b4 e4 38. b5 e3 39. Be1 Nxe1 40. Rxe1 d3 41. Rxe3 d2 42. Re4+ Kf3 0-1

[Event "Titled Tuesday intern op 21st April"]
[Site "Chess.com INT"]
[Date "2020.04.21"]
[Round "8"]
[White "Khalid, El Amin"]
[Black "Yavorovsky, Valeriy"]
[Result "0-1"]
[WhiteElo "2008"]
[BlackElo "2333"]
[PlyCount "156"]
[EventDate "2020.04.21"]
[EventType "swiss (blitz)"]
[EventRounds "10"]
[EventCountry "USA"]
[SourceTitle "EXT 2021"]
[Source "ChessBase"]
[SourceDate "2020.10.23"]
[SourceVersion "1"]
[SourceVersionDate "2020.10.23"]
[SourceQuality "1"]

1. d4 d5 2. Nf3 Nf6 3. Bf4 e6 4. e3 c5 5. c3 Nc6 6. Nbd2 Bd6 7. Bg3 0-0 8. Bd3 b6 9. Qe2 Bb7 10. a4 Ne7 11. Ne5 Nf5 12. f4 Be7 13. Bf2 Nd6 14. 0-0 Nfe4 15. a5 f6 16. Nef3 Qc7 17. a6 Bc6 18. Rfc1 Qd7 19. b4 cxb4 20. cxb4 Bb5 21. Nxe4 dxe4 22. Bxb5 Qxb5 23. Qxb5 Nxb5 24. Nd2 f5 25. Rab1 Rfc8 26. Rc4 Rxc4 27. Nxc4 Rc8 28. Ne5 Nc3 29. Rb3 Nd5 30. Be1 Rc2 31. b5 Rc1 32. Kf2 Rc2+ 33. Kf1 Rc1 34. Ke2 Rc2+ 35. Kf1 Rc1 36. Ke2 Rc2+ 37. Kd1 Rc7 38. Nc6 Bd6 39. Ke2 h6 40. Bh4 Kf8 41. Bd8 Rd7 42. Bh4 Ke8 43. Be1 g5 44. g3 Rg7 45. Kf1 Rc7 46. Ke2 Kd7 47. Kf1 g4 48. Ke2 Ne7 49. Bb4 Nxc6 50. bxc6+ Rxc6 51. Bxd6 Kxd6 52. Rb5 Rc2+ 53. Kd1 Rxh2 54. Kc1 Ra2 55. Kb1 Rxa6 56. Rb3 Ra4 57. Rc3 a5 58. Kb2 Rb4+ 59. Kc2 b5 60. Kd2 Rc4 61. Ra3 a4 62. Ra1 Kd5 63. Ra2 Rb4 64. Rc2 Rb3 65. Rc5+ Kd6 66. Rc8 a3 67. Ra8 b4 68. Ra6+ Kd5 69. Ra5+ Kd6 70. Ra6+ Kd7 71. Ra7+ Kc6 72. Ra6+ Kb5 73. Ra8 Rb2+ 74. Kc1 Kc4 75. Rc8+ Kb3 76. Ra8 Rg2 77. Ra7 Rxg3 78. Rxa3+ bxa3 0-1

[Event "Titled Tuesday intern op 21st April"]
[Site "Chess.com INT"]
[Date "2020.04.21"]
[Round "2"]
[White "Ongut, Tamas Gunes"]
[Black "Yavorovsky, Valeriy"]
[Result "0-1"]
[WhiteElo "2305"]
[BlackElo "2333"]
[PlyCount "156"]
[EventDate "2020.04.21"]
[EventType "swiss (blitz)"]
[EventRounds "10"]
[EventCountry "USA"]
[SourceTitle "EXT 2021"]
[Source "ChessBase"]
[SourceDate "2020.10.23"]
[SourceVersion "1"]
[SourceVersionDate "2020.10.23"]
[SourceQuality "1"]

1. d4 d5 2. c4 e6 3. Nf3 Be7 4. g3 Nf6 5. Bg2 0-0 6. 0-0 c6 7. Qc2 Nbd7 8. b3 b6 9. Rd1 Bb7 10. Bb2 Rc8 11. Nbd2 Re8 12. e4 dxe4 13. Nxe4 Nxe4 14. Qxe4 Nf6 15. Qe2 Qc7 16. Ne5 Rcd8 17. Rac1 c5 18. Bxb7 Qxb7 19. dxc5 Bxc5 20. Rxd8 Rxd8 21. Rd1 Rxd1+ 22. Qxd1 Qc7 23. Qd3 Bd6 24. Nf3 Be7 25. Be5 Qd7 26. Qe2 h6 27. h3 Qc6 28. Qd3 Nd7 29. Bb2 Nc5 30. Qe2 Qd6 31. Kg2 Nd3 32. Bd4 Nc5 33. Bc3 Nd7 34. Nd4 Bf6 35. Nb5 Qc6+ 36. Qf3 Qxf3+ 37. Kxf3 Bxc3 38. Nxc3 Kf8 39. b4 Ke7 40. Ke4 f5+ 41. Kd4 a6 42. c5 bxc5+ 43. bxc5 Nb8 44. f4 Nc6+ 45. Kc4 g5 46. Ne2 Kf6 47. Nd4 Ne7 48. c6 e5 49. fxe5+ Kxe5 50. Kc5 f4 51. gxf4+ gxf4 52. c7 Ke4 53. Kd6 Nc8+ 54. Kc6 Kxd4 55. Kd7 Nb6+ 56. Kc6 Nd5 57. c8N f3 58. Nd6 Nb4+ 59. Kb6 f2 60. Nf5+ Kd3 61. Ng3 Nxa2 62. Kxa6 Ke3 63. Kb6 Kf3 64. Nf1 Nc3 65. Kc6 Ne4 66. Kd5 Ng3 67. Nh2+ Kg2 68. Ng4 f1Q 69. Ne3+ Kf2 70. Nxf1 Kxf1 71. h4 h5 72. Ke5 Kg2 73. Kf4 Kh3 74. Kg5 Kh2 75. Kf4 Kg2 76. Kg5 Kf3 77. Kg6 Kf4 78. Kf6 Kg4 0-1

[Event "Titled Tuesday intern op 21st April"]
[Site "Chess.com INT"]
[Date "2020.04.21"]
[Round "9"]
[White "Yavorovsky, Valeriy"]
[Black "Shapiro, David"]
[Result "0-1"]
[WhiteElo "2333"]
[BlackElo "2392"]
[PlyCount "86"]
[EventDate "2020.04.21"]
[EventType "swiss (blitz)"]
[EventRounds "10"]
[EventCountry "USA"]
[SourceTitle "EXT 2021"]
[Source "ChessBase"]
[SourceDate "2020.10.23"]
[SourceVersion "1"]
[SourceVersionDate "2020.10.23"]
[SourceQuality "1"]

1. d4 d5 2. Nf3 Nc6 3. Bf4 Bg4 4. e3 e6 5. c4 Nf6 6. Nc3 Bb4 7. Be2 dxc4 8. Bxc4 Nd5 9. Bxd5 Qxd5 10. 0-0 Qh5 11. Bxc7 0-0 12. h3 Bxf3 13. Qxf3 Qxf3 14. gxf3 Rac8 15. Bg3 Rfd8 16. Rac1 Na5 17. Nb5 a6 18. Nd6 Rxc1 19. Rxc1 f5 20. Rc8 Rxc8 21. Nxc8 Nc4 22. b3 Nd2 23. Kg2 Nb1 24. Bd6 Bd2 25. Bc5 b5 26. Nd6 f4 27. e4 Nc3 28. a3 Na2 29. Kf1 Nc1 30. b4 Nb3 31. d5 exd5 32. exd5 Bc1 33. Ne4 Kf7 34. Ng5+ Ke8 35. Ne6 Bxa3 36. Nc7+ Kd7 37. Nxa6 Kc8 38. Bf8 g6 39. Ke2 Nd4+ 40. Kd3 Nxf3 41. Ke4 Ng5+ 42. Kxf4 Nxh3+ 43. Ke5 Kd7 0-1

[Event "Titled Tuesday intern op 14th April"]
[Site "Chess.com INT"]
[Date "2020.04.14"]
[Round "3"]
[White "Malinovsky, Rostyslav"]
[Black "Yavorovsky, Valeriy"]
[Result "0-1"]
[WhiteElo "2174"]
[BlackElo "2333"]
[PlyCount "80"]
[EventDate "2020.04.14"]
[EventType "swiss (blitz)"]
[EventRounds "10"]
[EventCountry "USA"]
[SourceTitle "EXT 2021"]
[Source "ChessBase"]
[SourceDate "2020.10.23"]
[SourceVersion "1"]
[SourceVersionDate "2020.10.23"]
[SourceQuality "1"]

1. d4 d5 2. c4 e6 3. Nc3 Be7 4. Nf3 Nf6 5. cxd5 exd5 6. Bg5 c6 7. Qc2 Nbd7 8. e3 0-0 9. Bd3 Re8 10. 0-0 Nf8 11. Rab1 a5 12. a3 Ng6 13. b4 axb4 14. axb4 Ne4 15. Bxe7 Qxe7 16. Bxe4 dxe4 17. Nd2 f5 18. b5 Be6 19. bxc6 bxc6 20. Na4 Qg5 21. Qxc6 Rac8 22. Qd6 Rc2 23. Rbd1 Rxd2 24. Rxd2 f4 25. Qc5 Bf5 26. Kh1 Nh4 27. Rg1 fxe3 28. fxe3 Qxe3 29. Qc4+ Kh8 30. Qe2 Qg5 31. d5 e3 32. Rd4 Qf6 33. Rgd1 Ng6 34. d6 Rd8 35. Nc5 Qe5 36. Nb7 Rd7 37. Rb4 Nf4 38. Qb5 e2 39. Re1 Qc3 40. Rxe2 Qc1+ 0-1

[Event "Titled Tuesday intern op 14th April"]
[Site "Chess.com INT"]
[Date "2020.04.14"]
[Round "1"]
[White "Rakotomaharo, Fy Antenaina"]
[Black "Yavorovsky, Valeriy"]
[Result "1-0"]
[WhiteElo "2422"]
[BlackElo "2333"]
[PlyCount "69"]
[EventDate "2020.04.14"]
[EventType "swiss (blitz)"]
[EventRounds "10"]
[EventCountry "USA"]
[SourceTitle "EXT 2021"]
[Source "ChessBase"]
[SourceDate "2020.10.23"]
[SourceVersion "1"]
[SourceVersionDate "2020.10.23"]
[SourceQuality "1"]

1. e4 e6 2. d4 d5 3. Nc3 Nf6 4. Bg5 dxe4 5. Nxe4 Be7 6. Bxf6 Bxf6 7. Nf3 0-0 8. c3 Nd7 9. Bd3 e5 10. 0-0 exd4 11. cxd4 c6 12. Re1 Nb6 13. Ne5 Be6 14. Nc5 Bc8 15. a4 a5 16. Qc2 g6 17. Rad1 Bg7 18. Qb3 Qc7 19. h4 Nd5 20. Bc4 Rd8 21. h5 b6 22. Ne4 Bf5 23. Ng5 f6 24. hxg6 hxg6 25. g4 fxe5 26. gxf5 Qe7 27. Ne6 gxf5 28. Nxd8 Rxd8 29. dxe5 Qc5 30. Bxd5+ cxd5 31. e6 Bf6 32. Kf1 Kf8 33. Qg3 Ke7 34. Rc1 Qd6 35. Rc7+ 1-0

[Event "Titled Tuesday intern op 1st Aug"]
[Site "Chess.com INT"]
[Date "2017.08.01"]
[Round "5"]
[White "De Borba, Guilherme"]
[Black "Yavorovsky, Valeriy"]
[Result "0-1"]
[WhiteElo "2190"]
[BlackElo "2301"]
[PlyCount "98"]
[EventDate "2017.08.01"]
[EventType "swiss (blitz)"]
[EventRounds "10"]
[EventCountry "USA"]
[SourceTitle "EXT 2021"]
[Source "ChessBase"]
[SourceDate "2020.10.23"]
[SourceVersion "1"]
[SourceVersionDate "2020.10.23"]
[SourceQuality "1"]

1. Nf3 d5 2. b3 e6 3. Bb2 Nf6 4. e3 Be7 5. d4 0-0 6. Bd3 b6 7. 0-0 Bb7 8. Nbd2 c5 9. c4 Nbd7 10. Qe2 Rc8 11. Rfd1 Bd6 12. e4 dxe4 13. Nxe4 Nxe4 14. Bxe4 Bxe4 15. Qxe4 Nf6 16. Qh4 Qe7 17. dxc5 Bxc5 18. Ng5 h6 19. Bxf6 Qxf6 20. Nf3 Qxh4 21. Nxh4 Rfd8 22. Nf3 f6 23. Kf1 Kf7 24. Ke2 h5 25. Nd2 f5 26. Nf3 Kf6 27. h4 e5 28. Ng5 e4 29. Nh3 Bd6 30. Rd5 Be5 31. Rad1 Rxd5 32. Rxd5 Rc5 33. Rd7 Rc7 34. Rd8 b5 35. Ng5 bxc4 36. bxc4 Rxc4 37. Rf8+ Kg6 38. f3 exf3+ 39. Nxf3 Bf6 40. Kd3 Ra4 41. Ra8 Rxa2 42. g3 Ra3+ 43. Ke2 Kh7 44. Kf2 a5 45. Ne1 a4 46. Ng2 Bd4+ 47. Kf1 Ra1+ 48. Ke2 Ra2+ 49. Kf3 Rf2# 0-1

[Event "Titled Tuesday intern op 1st Aug"]
[Site "Chess.com INT"]
[Date "2017.08.01"]
[Round "6"]
[White "Yavorovsky, Valeriy"]
[Black "Osinovsky, Stepan"]
[Result "1-0"]
[WhiteElo "2301"]
[BlackElo "2241"]
[PlyCount "117"]
[EventDate "2017.08.01"]
[EventType "swiss (blitz)"]
[EventRounds "10"]
[EventCountry "USA"]
[SourceTitle "EXT 2021"]
[Source "ChessBase"]
[SourceDate "2020.10.23"]
[SourceVersion "1"]
[SourceVersionDate "2020.10.23"]
[SourceQuality "1"]

1. d4 Nf6 2. c4 g6 3. Nc3 Bg7 4. e4 0-0 5. Be2 d6 6. Nf3 e5 7. d5 a5 8. Bg5 h6 9. Bh4 Na6 10. Nd2 Qe8 11. a3 Bd7 12. b3 Nh7 13. 0-0 f5 14. f3 g5 15. Bf2 f4 16. b4 axb4 17. axb4 h5 18. Rb1 Qg6 19. c5 g4 20. c6 Bc8 21. cxb7 Bxb7 22. b5 g3 23. bxa6 gxf2+ 24. Rxf2 Bxa6 25. Bxa6 Rxa6 26. Nb5 Rf7 27. Rc1 Bf6 28. Rxc7 Bh4 29. Rf1 Ng5 30. Kh1 Ra2 31. Rxf7 Nxf7 32. Nc3 Rb2 33. Qc1 Rb8 34. Qa3 Kh7 35. Nc4 Rg8 36. Qa2 Rg7 37. Nb5 Bd8 38. Rg1 h4 39. Qa3 Be7 40. Qb2 Ng5 41. Qf2 Qh5 42. Rf1 h3 43. g3 fxg3 44. hxg3 Rf7 45. Nd2 Qg6 46. Qe3 Bd8 47. f4 Ba5 48. fxg5 Bxd2 49. Rxf7+ Qxf7 50. Qxd2 Qf1+ 51. Kh2 Qxb5 52. Kxh3 Qf1+ 53. Kg4 Kg6 54. Qe3 Qb1 55. Qf3 Kg7 56. Kf5 Qb7 57. Kg4 Qb4 58. g6 Kg8 59. Qf7+ 1-0

[Event "Titled Tuesday intern op 3rd May"]
[Site "Chess.com INT"]
[Date "2016.05.03"]
[Round "1"]
[White "Drozdowski, Kacper"]
[Black "Yavorovsky, Valeriy"]
[Result "1-0"]
[WhiteElo "2490"]
[BlackElo "2307"]
[PlyCount "63"]
[EventDate "2016.05.03"]
[EventType "swiss (blitz)"]
[EventRounds "9"]
[EventCountry "USA"]
[SourceTitle "EXT 2021"]
[Source "ChessBase"]
[SourceDate "2020.10.23"]
[SourceVersion "1"]
[SourceVersionDate "2020.10.23"]
[SourceQuality "1"]

1. d4 d5 2. c4 dxc4 3. e3 Nf6 4. Bxc4 e6 5. Nf3 c5 6. 0-0 a6 7. a4 Nc6 8. Nc3 cxd4 9. exd4 Be7 10. Bg5 0-0 11. Qd3 Nb4 12. Qe2 Nfd5 13. Bxe7 Nxe7 14. Rad1 b6 15. Ne5 Bb7 16. Rfe1 Ned5 17. Qg4 Rc8 18. Bb3 Qe7 19. Qg3 Rfd8 20. h4 h6 21. Ng4 Kh8 22. Ne5 Kg8 23. Ne4 Nf6 24. Nxf6+ Qxf6 25. Nxf7 Kxf7 26. Rxe6 Qxe6 27. Bxe6+ Kxe6 28. Qg6+ Kd5 29. Qf7+ Kc6 30. Qc4+ Kd7 31. Qxb4 Kc7 32. Rc1+ 1-0